Atlas of gastrointestinal surgery Volume one

Bibliographic Details
Main Authors: Cameron, John L., 1936- (Author), Sandone, Corinne (Author)
Format: eBook
Language:English
PhysicalDescription:1 online resource (iv, 552 p.) col. ill
Published: Hamilton BC Decker Inc. 2007
ISBN:9781607950561 (electronic bk)
1607950561 (electronic bk)
Edition:2nd ed.
Subjects:
Online Access:EBSCOhost

MARC

LEADER 00000cam a2200000Ia 4500
001 vtls010966466
003 SK-MaSNL
005 20260302013940.0
007 cr cnu---unuuu
008 251104s2007 xxca o 001 0 eng
020 |a 9781607950561 (electronic bk) 
020 |a 1607950561 (electronic bk) 
035 |a (OCoLC)795523143 
035 |a (VRT)ocn795523143 
040 |a SNK  |c SNK  |e AACR2  |b slo 
049 |a MAIN 
050 4 |a RD540  |b .C35 2007eb 
072 7 |a HEA  |x 039010  |2 bisacsh 
080 |a 617.5500222  |2 23 
100 1 |a Cameron, John L.,  |d 1936-  |4 aut  |9 232471 
245 1 0 |a Atlas of gastrointestinal surgery  |h electronic resource  |n Volume one  |c John L. Cameron, Corinne Sandone 
246 3 0 |a Gastrointestinal surgery 
250 |a 2nd ed. 
260 |a Hamilton  |b BC Decker Inc.  |c 2007 
300 |a 1 online resource (iv, 552 p.)  |b col. ill 
500 |a Title from PDF title page (viewed on June 14, 2012) 
500 |a Includes index 
650 0 7 |a Gastrointestinal system  |x Surgery  |v Atlases  |2 SNK  |9 657894 
650 0 7 |a Tractus gastro-intestinal  |x Chirurgie  |v Atlas  |2 SNK  |9 657895 
650 0 7 |a Appareil digestif  |x Chirurgie  |x Atlas  |2 ram  |9 657896 
650 0 7 |a Intervention chirurgie digestive  |x Atlas  |2 fmesh  |9 657897 
650 0 7 |a HEALTH & FITNESS / Diseases / Abdominal  |2 bisacsh  |9 657898 
650 0 7 |a Gastrointestinal system  |x Surgery  |2 fast  |0 (OCoLC)fst00938897  |9 549455 
650 0 7 |a Digestive System Surgical Procedures  |v Atlases  |2 SNK  |9 657899 
650 0 7 |a Gastrointestinal Tract  |v Atlases  |x surgery  |2 SNK  |9 657900 
650 0 7 |a gastrointestinálny trakt  |2 SNKPH  |9 600261 
650 0 7 |a gastrointestinálna chirurgia  |2 SNKPH  |9 657901 
655 7 |a elektronické zdroje  |2 SNKPH  |9 90954 
655 7 |a Atlases  |2 fast  |0 (OCoLC)fst01423875  |9 280087 
655 7 |a Electronic books  |2 SNK  |9 333512 
700 1 |a Sandone, Corinne  |4 aut  |9 259252 
856 4 0 |3 EBSCOhost  |u http://search.ebscohost.com/login.aspx?direct=true&scope=site&db=nlebk&db=nlabk&AN=432965 
938 |a EBSCOhost  |b EBSC  |n 432965 
999 |c 1015049  |d 1016979 
952 |a SNK  |b SNK  |y NEVYP  |7 1  |o snkSEZ 37  |i snk2015/29514  |8 3  |g 17.00  |0 0  |1 0  |4 0  |d 2015-10-23  |l 0  |r 2026-02-24 13:05:50  |w 2026-02-24